Turcja: Kluby piłkarskie Regionu Śródziemnomorskiego- nagła śmierć - Statystyki

Ogólne statystyki
  • Ten quiz został rozwiązany 6 razy
  • Średni wynik to 5 z 13
Answers on the Grid
Answers color-coded by a green-red scale on the quiz's grid according to % correct below.
Pendikspor
İskenderunspor
Gaziantep FK
Antalyaspor
Trabzonspor
Alanyaspor
Fethiyespor
Kırklarelispor
Kepez Belediyespor
Mardin 1969 Spor
Serik Belediyespor
Igdir FK
Yeni Mersin İdmanyurdu
Isparta 32 Spor
Menemenspor
Hatayspor
Adanaspor
Adana Demirspor
Beykoz Anadolu Spor
Adana 01 FK
Kahramanmaras Istiklal Spor
Bodrum FK
 
Statystyki odpowiedzi
Odpowiedź % Poprawnych
Adana Demirspor
80%
Antalyaspor
80%
Adanaspor
60%
Alanyaspor
60%
Adana 01 FK
40%
Isparta 32 Spor
40%
Fethiyespor
20%
Hatayspor
20%
İskenderunspor
20%
Kahramanmaras Istiklal Spor
20%
Kepez Belediyespor
20%
Serik Belediyespor
20%
Yeni Mersin İdmanyurdu
20%
Nie znaleziono quizów pasujących do podanych kryteriów
Rozkład punktacji
Procent ludzi z każdym wynikiem
Percentyl według liczby udzielonych odpowiedzi
Twoja historia wyników
Nie rozwiązałeś tego quizu